Lambrecht J., Collected Studies on Pauline Literature and the Book of Revelation, coll. Analecta biblica 147, Roma, PIB, 2001, 24x17, XV-435 p., 25.82 €. ISBN 88-7653-147-5 (notice n° 1620417)

détails MARC
000 -LEADER
fixed length control field 01629cam a2200169 4500500
005 - DATE AND TIME OF LATEST TRANSACTION
control field 20260111091139.0
041 ## - LANGUAGE CODE
Language code of text/sound track or separate title fre
042 ## - AUTHENTICATION CODE
Authentication code dc
100 10 - MAIN ENTRY--PERSONAL NAME
Personal name Hausman, Noëlle
Relator term author
245 00 - TITLE STATEMENT
Title Lambrecht J., Collected Studies on Pauline Literature and the Book of Revelation, coll. Analecta biblica 147, Roma, PIB, 2001, 24x17, XV-435 p., 25.82 €. ISBN 88-7653-147-5
260 ## - PUBLICATION, DISTRIBUTION, ETC.
Date of publication, distribution, etc. 2005.<br/>
500 ## - GENERAL NOTE
General note 50
520 ## - SUMMARY, ETC.
Summary, etc. « Où va la vie consacrée ? », demande ingénument le titre de l’ouvrage qui est à l’origine de cet article. Là où elle s’est toujours trouvée, est-il répondu, c’est-à-dire au cœur de Dieu. Mais aussi, et c’est moins aperçu, la vie consacrée va là où va l’Église, le devenir de l’une étant, même et surtout en Occident, inséparable de l’avenir de l’autre. Au terme, on indique encore comment la vie consacrée peut se trouver au cœur du monde que nous aimons.
520 ## - SUMMARY, ETC.
Summary, etc. The A. asks a question which echoes the title of her recent book : Whereto the consecrated life ? The answer is : It goes to God’s very heart where it has always found itself. It goes also there (although this might seem less obvious) where the Church goes : the future of the consecrated life, even and uppermost in the West, is inseparable of the Church’s future. It remains to show how the consecrated life can find itself in the heart of the world which we love.
786 0# - DATA SOURCE ENTRY
Note Nouvelle revue théologique | 127 | 1 | 2005-01-03 | p. 118q-134q | 0029-4845
856 41 - ELECTRONIC LOCATION AND ACCESS
Uniform Resource Identifier <a href="https://shs.cairn.info/revue-nouvelle-revue-theologique-2005-1-page-118q?lang=fr&redirect-ssocas=7080">https://shs.cairn.info/revue-nouvelle-revue-theologique-2005-1-page-118q?lang=fr&redirect-ssocas=7080</a>

Pas d'exemplaire disponible.

PLUDOC

PLUDOC est la plateforme unique et centralisée de gestion des bibliothèques physiques et numériques de Guinée administré par le CEDUST. Elle est la plus grande base de données de ressources documentaires pour les Étudiants, Enseignants chercheurs et Chercheurs de Guinée.

Adresse

627 919 101/664 919 101

25 boulevard du commerce
Kaloum, Conakry, Guinée

Réseaux sociaux

Powered by Netsen Group @ 2025